The power of NOW : (Record no. 1959)
[ view plain ]
| 000 -LEADER | |
|---|---|
| fixed length control field | 00824nam a2200277 4500 |
| 001 - CONTROL NUMBER | |
| JCCL Control Number | 1959 |
| 003 - CONTROL NUMBER IDENTIFIER | |
| JCCL marc code | BD-JhCC |
| 005 - DATE AND TIME OF LATEST TRANSACTION | |
| control field | 20210927134020.0 |
| 008 - FIXED-LENGTH DATA ELEMENTS--GENERAL INFORMATION | |
| fixed length control field | 171026s2004 bcc b 000 0 eng d |
| 020 ## - INTERNATIONAL STANDARD BOOK NUMBER | |
| International Standard Book Number | 1577314808 |
| 020 ## - INTERNATIONAL STANDARD BOOK NUMBER | |
| International Standard Book Number | 9781577314806 |
| 035 ## - SYSTEM CONTROL NUMBER | |
| system control number | (BD-JhCC)1959 |
| 040 ## - CATALOGING SOURCE | |
| Original cataloging agency | DLC |
| Transcribing agency | DLC |
| Modifying agency | DLC |
| -- | BD-JhCC |
| 041 ## - LANGUAGE CODE | |
| Language code of Book | eng |
| 050 00 - LIBRARY OF CONGRESS CALL NUMBER | |
| Classification number | BL624 |
| Item number | .T64 2004 |
| 082 00 - DEWEY DECIMAL CLASSIFICATION NUMBER | |
| Classification number | 158.1 |
| DDC Edition number | 23 |
| Author mark and Year | TOL 2004 |
| 100 1# - MAIN ENTRY--PERSONAL NAME | |
| Personal name | Tolle, Eckhart, |
| Dates associated with a name | 1948- |
| 245 14 - TITLE STATEMENT | |
| Title | The power of NOW : |
| Remainder of title | a guide to spiritual enlightenment / |
| Statement of responsibility, etc | Eckhart Tolle. |
| 250 ## - EDITION STATEMENT | |
| Edition statement | [Rev. ed.]. |
| 260 ## - PUBLICATION, DISTRIBUTION, ETC. (IMPRINT) | |
| Place of publication, distribution, etc | Vancouver, B.C., Canada : |
| Name of publisher, distributor, etc | Namaste Pub. ; |
| Place of publication, distribution, etc | Novato, Calif. : |
| Name of publisher, distributor, etc | New World Library, |
| Date of publication, distribution, etc | c2004. |
| 300 ## - PHYSICAL DESCRIPTION | |
| Pagination | 235 p. ; |
| Dimensions | 22 cm. |
| 504 ## - BIBLIOGRAPHY, ETC. NOTE | |
| Bibliography, etc | Includes bibliographical references (p. 231). |
| 650 #0 - SUBJECT ADDED ENTRY--TOPICAL TERM | |
| Topical term or geographic name as entry element | Spiritual life. |
| 942 ## - ADDED ENTRY ELEMENTS (KOHA) | |
| Source of classification or shelving scheme | Dewey Decimal Classification |
| Koha item type | Books |
| Koha issues (borrowed), all copies | 7 |
| Source of classification or shelving scheme | Damaged status | Not for loan | Home library | Current library | Shelving location | Date of accession | Total Checkouts | Full call number | Barcode | Date last seen | Copy number | Koha item type | Date checked out |
|---|---|---|---|---|---|---|---|---|---|---|---|---|---|
| Dewey Decimal Classification | JCC Rouf Library | JCC Rouf Library | General Stacks | 10/26/2017 | 158.1 TOL 2004 | 3352 | 09/15/2018 | C-1 | Books | ||||
| Dewey Decimal Classification | JCC Rouf Library | JCC Rouf Library | General Stacks | 07/01/2024 | 5 | 158.1 TOL 2004 | 903 | 08/01/2024 | C - 2 | Books | 07/01/2024 |